Pokémon par couleur : rouge - Statistiques

Statistiques générales
  • Ce quiz a été pris 82 fois
  • Le résultat moyen est 15 sur 20
Statistiques - réponses
Par images Réponse % Correct
Braségali
100%
Cadoizo
100%
Carvanha
100%
Dracaufeu
100%
Escargaume
100%
Groudon
100%
Ho-Oh
100%
Krabboss
100%
Lippoutou
100%
Magicarpe
100%
Magmar
100%
Motisma
100%
Poissirène
100%
Poussifeu
100%
Pyroli
100%
Reptincel
100%
Salamèche
100%
Solaroc
100%
Voltorbe de Hisui
100%
Limagma
93%
Paras
93%
Krabby
92%
Parasect
92%
Sulfura de Galar
92%
Darumarond
91%
Darumacho
90%
Flamiaou
90%
Latias
90%
Zamazenta
90%
Galifeu
89%
Magby
89%
Morphéo
88%
Félinferno
87%
Deoxys
86%
Flamoutan
86%
Coxyclaque
85%
Ecrapince
85%
Aflamanoir
83%
Electrode
83%
Gruikui
83%
Judokrak
82%
Porygon2
82%
Chenipotte
81%
Coxy
80%
Flamajou
80%
Scalpion
80%
Yanma
80%
Flambusard
79%
Octillery
79%
Venipatte
79%
Drakkarmin
78%
Volcaropod
78%
Roitiflam
77%
Electrode de Hisui
76%
Crocorible
75%
Magearna
75%
Rafflesia
75%
Vivaldaim
75%
Grotichon
73%
Charmina
71%
Matoufeu
71%
Cheniti
70%
Gueriaigle
70%
Yveltal
69%
Camérupt
67%
Cheniselle
67%
Colhomard
67%
Goupelin
67%
Lougaroc
67%
Passerouge
67%
Poissoroy
67%
Rexillius
67%
Scalproie
67%
Boumata
64%
Limaspeed
64%
Braisillon
63%
Crabicoque
63%
Feunnec
62%
Crabaraque
60%
Météno
60%
Migalos
60%
Tokotoro
60%
Mouscoto
59%
Roussil
59%
Cisayox
53%
Crikzik
53%
Baggaïd
50%
Maganon
50%
Plumeline
47%
Scolocendre
46%
Mélokrik
45%
Brutapode
44%
Astronelle
36%
Grillepattes
31%
Aucun quiz correspondant
Distribution des résultats
% des personnes avec chaque résultat
Percentile par nombre de réponses
Votre historique - résultats
Vous n’avez pas pris ce quiz